书目信息 |
| 题名: |
古代罗马的奴隶制度
|
|
| 作者: | 张左系 著 | |
| 分册: | ||
| 出版信息: | 北京 商务印书馆 1979 |
|
| 页数: | 35页 | |
| 开本: | 19cm | |
| 丛书名: | 历史知识小丛书 | |
| 单 册: | ||
| 中图分类: | K126 | |
| 科图分类: | ||
| 主题词: | 奴隶制度--古罗马 | |
| 电子资源: | ||
| ISBN: | ||
| 000 | 00668nam2 2200253 45 | |
| 001 | 0179007155 | |
| 005 | 20070926112524.62 | |
| 010 | @dCNY0.10 | |
| 091 | @aCN@b11017.261 | |
| 100 | @a19950810d1979 em y0chiy0121 ea | |
| 101 | 0 | @achi |
| 102 | @aCN@b110000 | |
| 105 | @af z 000yy | |
| 200 | 10 | @a古代罗马的奴隶制度@Agu dai luo ma de nu li zhi du@f张左系著 |
| 205 | @a2版 | |
| 210 | @a北京@c商务印书馆@d1979 | |
| 215 | @a35页@c插图@d19cm | |
| 225 | 2 | @a历史知识小丛书 |
| 410 | 0 | @120010@a历史知识小丛书 |
| 606 | @a奴隶制度@y古罗马 | |
| 690 | @aK126@v3 | |
| 701 | 0 | @a张左系@Azhang zuo xi@4著 |
| 801 | 0 | @aCN@bTSSF@c20070926 |
| 905 | @a10447@dK126@e182=2 | |
| 古代罗马的奴隶制度/张左系著.-2版.-北京:商务印书馆,1979 |
| 35页:插图;19cm.-(历史知识小丛书) |
| ISBN :CNY0.10 |
| ● |
| 相关链接 |
|
|
|
|
正题名:古代罗马的奴隶制度
索取号:K126/182=2
 
预约/预借
| 序号 | 登录号 | 条形码 | 馆藏地/架位号 | 状态 | 备注 |
| 1 | 0609320 | 206093207 | 第二样本阅览室/ [索取号:K126/182=2] | 在馆 |